China and Asian regionalism

Bibliographic Details
Main Author: Zhang, Yunling, 1945-
Corporate Author: ProQuest (Firm)
Format: Electronic eBook
Language:English
Published: Hackensack, NJ : World Scientific, c2010.
Subjects:
Online Access:Click to View
LEADER 01440nam a22003974a 4500
001 EBC1681522
003 MiAaPQ
005 20200520144314.0
006 m o d |
007 cr cn|||||||||
008 100619s2010 njua sb 001 0 eng
010 |z  2010455318 
020 |z 9789814282222 
020 |z 9814282227 
035 |a (MiAaPQ)EBC1681522 
035 |a (Au-PeEL)EBL1681522 
035 |a (CaPaEBR)ebr10422037 
035 |a (CaONFJC)MIL276133 
035 |a (OCoLC)769439034 
040 |a MiAaPQ  |c MiAaPQ  |d MiAaPQ 
043 |a ae-----  |a a-cc--- 
050 4 |a HC460.5  |b .Z473 2010 
082 0 4 |a 337.1/5  |2 22 
100 1 |a Zhang, Yunling,  |d 1945- 
245 1 0 |a China and Asian regionalism  |h [electronic resource] /  |c Zhang Yunling. 
260 |a Hackensack, NJ :  |b World Scientific,  |c c2010. 
300 |a x, 229 p. :  |b ill. 
504 |a Includes bibliographical references and index. 
533 |a Electronic reproduction. Ann Arbor, MI : ProQuest, 2015. Available via World Wide Web. Access may be limited to ProQuest affiliated libraries. 
651 0 |a East Asia  |x Economic integration. 
651 0 |a East Asia  |x Economic conditions. 
651 0 |a China  |x Foreign economic relations  |z East Asia. 
651 0 |a East Asia  |x Foreign economic relations  |z China. 
655 4 |a Electronic books. 
710 2 |a ProQuest (Firm) 
856 4 0 |u https://ebookcentral.proquest.com/lib/matrademy/detail.action?docID=1681522  |z Click to View